000 00300nam a22001337a 4500
008 170814b xxu||||| |||| 00| 0 eng d
020 _a9780060467661
041 _aeng
080 _a51
100 _a36
101 _aMAT
245 _aBRIEF CALCULUS WITH APPLICATIONS
_cVANCIL,CH
942 _2udc
_cBK
999 _c23365
_d23365